|
|
|
|
| LEADER |
00000cam a2200000 a 4500 |
| 001 |
UCE0659 |
| 003 |
CL-VaPUC |
| 008 |
140227e19940000sp |||||||||||||||||spa|d |
| 020 |
|
|
|a 8488020066
|
| 082 |
0 |
4 |
|a 844
|b ARA
|2 21
|
| 100 |
0 |
|
|a Aragon, Louis
|e author
|9 266802
|
| 245 |
1 |
0 |
|a Tratado de estilo
|
| 250 |
|
|
|a 1a. ed
|
| 300 |
|
|
|a 150 p
|
| 942 |
|
|
|c BK
|
| 945 |
|
|
|d 20140227 11:27:00
|a dcastane
|
| 260 |
|
|
|a Madrid
|b Ardora
|c 1994
|
| 650 |
|
0 |
|a Ensayos franceses
|9 265511
|
| 650 |
|
0 |
|a Surrealismo
|9 265502
|
| 650 |
|
0 |
|a Crítica e interpretación
|9 255042
|
| 583 |
|
|
|a last modification
|c 20140227 11:27:00
|k Rodrigo Vera
|
| 999 |
|
|
|c 354721
|d 354719
|
| 952 |
|
|
|0 0
|1 0
|3 erb
|4 0
|6 844_000000000000000_ARA_1994
|7 0
|8 R
|9 460868
|a BIBART
|b BIBART
|i 505737K
|o 844 ARA 1994
|p 505737K
|r 2025-03-13
|w 2019-11-23
|y BK_R
|z Catalogado en:20140227
|k ART
|